Đạo làm người : Thuật cương nhu trong xử thế

Nội dung sách giới thiệu về đạo cương nhu là gì? dĩ nhu khắc cương, dĩ cương chế nhược, giả dại qua ải, khôn cũng chết, dại cũng chết, biết thì sống, dĩ bất biến ứng vạn biến, dụng nhân như dụng mộc.......

Volledige beschrijving

Bewaard in:
Bibliografische gegevens
Formaat: Boek
Taal:Undetermined
Gepubliceerd in: Đà Nẵng Nhà xuất bản Đà Nẵng 2004
Onderwerpen:
Tags: Voeg label toe
Geen labels, Wees de eerste die dit record labelt!
Thư viện lưu trữ: Trung tâm Học liệu Trường Đại học Cần Thơ
LEADER 00969nam a2200205Ia 4500
001 CTU_95907
008 210402s9999 xx 000 0 und d
020 |c 14000 
082 |a 158.2 
082 |b Đ108 
245 0 |a Đạo làm người : 
245 0 |b Thuật cương nhu trong xử thế 
245 0 |c Kỳ Anh biên soạn 
260 |a Đà Nẵng 
260 |b Nhà xuất bản Đà Nẵng 
260 |c 2004 
520 |a Nội dung sách giới thiệu về đạo cương nhu là gì? dĩ nhu khắc cương, dĩ cương chế nhược, giả dại qua ải, khôn cũng chết, dại cũng chết, biết thì sống, dĩ bất biến ứng vạn biến, dụng nhân như dụng mộc.... 
650 |a Psychology, applied,Interpersonal relations 
904 |i Trúc (sửa số pl 158.2/K600 thành 158.2/Đ108) 
980 |a Trung tâm Học liệu Trường Đại học Cần Thơ